| 000 | 01488nam a22003017a 4500 | ||
|---|---|---|---|
| 999 |
_c32164 _d32164 |
||
| 001 | 689 | ||
| 003 | CO-MdFUSB | ||
| 005 | 20171117103252.0 | ||
| 008 | 171117t2011 sp ||||| |||| 00| 0 spa d | ||
| 020 | _a978-84-9945-142-8 | ||
| 040 |
_aCO-MdFUSB _bspa _cCO-MdFUSB _dCO-MdFUSBC _erda |
||
| 041 |
_aspa _heng |
||
| 082 | 0 | 4 | _aG 225.95 C3231i |
| 100 | 1 |
_aCarter, Warren (1955- ) _eautor |
|
| 245 | 1 | 3 |
_aEl imperio romano en el Nuevo Testamento _b : guía básica _c/ Warren Carter ; traducido por José Pedro Tosaus Abadía |
| 264 | 4 |
_aEstella, Navarra : _b Verbo Divino, _c©2011 |
|
| 300 | _a214 p. | ||
| 336 |
_2rdacontent _atexto _btxt |
||
| 337 |
_2rdamedia _asin mediación _bn |
||
| 338 |
_2rdacarrier _avolumen _bnc |
||
| 500 | _aTítulo original: The Roman Empire and the New Testament. An essential guide | ||
| 501 | _aPasta dura | ||
| 505 | 0 | 0 | _aEl mundo imperial romano -- Una evaluación del imperio de Roma -- Los rostros que ejercían el gobierno del imperio: un encuentro con los funcionarios imperiales -- Los espacios del imperio: ámbitos urbanos y rurales -- Los templos y el personal "religioso"/político -- La teología imperial: un choque entre afirmaciones teológicas y sociales -- Economía, alimentación y salud -- Otros dinamismos de resistencia |
| 650 | 1 | 4 | _aBIBLIA N.T. - IMPERIO ROMANO \ ROMA - HISTORIA - IMPERIO, 30 A.C. - 476 D.C. |
| 653 | _aBiblia N.T. - Imperio romano | ||
| 653 | _aRoma - Historia - Imperio, 30 A.C. -476 D.C. | ||
| 942 | _cBK | ||